| Tag |
First Indicator |
Second Indicator |
Subfields |
| LEADER |
00000cam a2200000 a 4500 |
| 001 |
in00002484713 |
| 005 |
20220106092921.0 |
| 006 |
m d f |
| 007 |
cr bn||||||||| |
| 008 |
090224s2009 dcu s f000 0 eng c |
| 035 |
|
|
|a (OCoLC)ocn310450615
|
| 040 |
|
|
|a GPO
|c GPO
|d GPO
|d OCLCQ
|d GPO
|d MvI
|d UtOrBLW
|
| 042 |
|
|
|a pcc
|
| 043 |
|
|
|a n-us---
|
| 049 |
|
|
|a WWW
|
| 050 |
1 |
4 |
|a KF32
|b .F55 2009a
|
| 074 |
|
|
|a 1008-C (online)
|
| 086 |
0 |
|
|a Y 1.1/8:111-12
|
| 110 |
1 |
|
|a United States.
|b Congress.
|b House.
|b Committee on Financial Services.
|
| 245 |
1 |
0 |
|a To make improvements in the HOPE for Homeowners Program, and for other purposes :
|b report together with minority views (to accompany H.R. 787) (including cost estimate of the Congressional Budget Office).
|
| 264 |
|
1 |
|a [Washington, D.C.] :
|b [U.S. G.P.O.],
|c [2009]
|
| 300 |
|
|
|a 1 electronic text (15 pages) :
|b HTML, digital, PDF file.
|
| 336 |
|
|
|a text
|b txt
|2 rdacontent
|
| 337 |
|
|
|a computer
|b c
|2 rdamedia
|
| 338 |
|
|
|a online resource
|b cr
|2 rdacarrier
|
| 490 |
1 |
|
|a Report / 111th Congress, 1st session, House of Representatives ;
|v 111-12
|
| 500 |
|
|
|a Title from title screen (viewed on Feb. 24, 2009).
|
| 538 |
|
|
|a Mode of access: Internet from the GPO Access web site. Addresses as of 2/24/09: http://frwebgate.access.gpo.gov/cgi-bin/getdoc.cgi?dbname=111%5Fcong%5Freports & docid=f:hr012.111 (text version); http://frwebgate.access.gpo.gov/cgi-bin/getdoc.cgi?dbname=111%5Fcong%5Freports & docid=f:hr012.111.pdf (PDF version) ; current access is available via PURLs.
|
| 500 |
|
|
|a Title from title screen (viewed Feb. 24, 2009).
|
| 500 |
|
|
|a "February 10, 2009."
|
| 500 |
|
|
|a Electronic resource.
|
| 650 |
|
0 |
|a Housing
|x Finance
|x Law and legislation
|z United States.
|
| 650 |
|
0 |
|a Mortgage loans
|x Law and legislation
|z United States.
|
| 650 |
|
0 |
|a Mortgage loans
|z United States
|x Refinancing.
|
| 650 |
|
0 |
|a Homeowners
|x Legal status, laws, etc.
|z United States.
|
| 776 |
0 |
|
|a United States. Congress. House. Committee on Financial Services.
|t To make improvements in the HOPE for Homeowners Program, and for other purposes
|h 15 p.
|w (OCoLC)310450708
|
| 776 |
0 |
|
|a United States. Congress. House. Committee on Financial Services.
|t To make improvements in the HOPE for Homeowners Program, and for other purposes
|h 15 p.
|w (OCoLC)434871728
|
| 810 |
1 |
|
|a United States.
|b Congress.
|b House.
|t Report ;
|v 111-12.
|
| 856 |
4 |
0 |
|3 Text version:
|u https://purl.fdlp.gov/GPO/LPS109331
|t 0
|
| 856 |
4 |
0 |
|3 PDF version:
|u https://purl.fdlp.gov/GPO/LPS109332
|t 0
|
| 999 |
|
|
|a MARS
|
| 999 |
f |
f |
|s 0548d2a2-ef15-3172-9057-5733418ca13f
|i 0b66bbba-fcd4-3028-b091-1bddb4bde08c
|t 0
|
| 952 |
f |
f |
|a Texas A&M University
|b College Station
|c Electronic Resources
|d Available Online
|t 0
|e Y 1.1/8:111-12
|h Superintendent of Documents classification
|
| 998 |
f |
f |
|a Y 1.1/8:111-12
|t 0
|l Available Online
|